| 000 -LEADER |
| fixed length control field |
03871cam a2200481 i 4500 |
| 001 - CONTROL NUMBER |
| control field |
21385674 |
| 003 - CONTROL NUMBER IDENTIFIER |
| control field |
NUST |
| 005 - DATE AND TIME OF LATEST TRANSACTION |
| control field |
20240311114757.0 |
| 008 - FIXED-LENGTH DATA ELEMENTS--GENERAL INFORMATION |
| fixed length control field |
200114r20201976nyuae b 001 0 eng |
| 010 ## - LIBRARY OF CONGRESS CONTROL NUMBER |
| LC control number |
2020930783 |
| 020 ## - INTERNATIONAL STANDARD BOOK NUMBER |
| International Standard Book Number |
9781580935401 |
| Qualifying information |
hardcover |
| 020 ## - INTERNATIONAL STANDARD BOOK NUMBER |
| International Standard Book Number |
1580935400 |
| Qualifying information |
hardcover |
| 035 ## - SYSTEM CONTROL NUMBER |
| System control number |
(OCoLC)on1200306146 |
| 038 ## - RECORD CONTENT LICENSOR |
| Staff Name |
Malang Jan |
| 040 ## - CATALOGING SOURCE |
| Original cataloging agency |
SINLB |
| Language of cataloging |
eng |
| Description conventions |
rda |
| Transcribing agency |
SINLB |
| Modifying agency |
ERASA |
| -- |
HCO |
| -- |
YDX |
| -- |
NGU |
| -- |
DLC |
| 042 ## - AUTHENTICATION CODE |
| Authentication code |
lccopycat |
| 050 00 - LIBRARY OF CONGRESS CALL NUMBER |
| Classification number |
NA9053.M43 |
| Item number |
B36 2020 |
| 082 04 - DEWEY DECIMAL CLASSIFICATION NUMBER |
| Classification number |
720 |
| Edition number |
23 |
| Author Mark |
BAN |
| 100 1# - MAIN ENTRY--PERSONAL NAME |
| Personal name |
Banham, Reyner, |
| Relator term |
author. |
| 9 (RLIN) |
32436 |
| 245 10 - TITLE STATEMENT |
| Title |
Megastructure : |
| Remainder of title |
urban futures of the recent past / |
| Statement of responsibility, etc. |
Reyner Banham ; foreword by Todd Gannon. |
| 250 ## - EDITION STATEMENT |
| Edition statement |
Facsimile edition. |
| 264 #1 - PRODUCTION, PUBLICATION, DISTRIBUTION, MANUFACTURE, AND COPYRIGHT NOTICE |
| Place of production, publication, distribution, manufacture |
New York, New York : |
| Name of producer, publisher, distributor, manufacturer |
The Monacelli Press, |
| Date of production, publication, distribution, manufacture, or copyright notice |
[2020] |
| 264 #4 - PRODUCTION, PUBLICATION, DISTRIBUTION, MANUFACTURE, AND COPYRIGHT NOTICE |
| Date of production, publication, distribution, manufacture, or copyright notice |
©2020 |
| 300 ## - PHYSICAL DESCRIPTION |
| Extent |
232 pages : |
| Other physical details |
illustrations, plans ; |
| Dimensions |
26 cm |
| 336 ## - CONTENT TYPE |
| Content type term |
text |
| Content type code |
txt |
| Source |
rdacontent |
| 336 ## - CONTENT TYPE |
| Content type term |
still image |
| Content type code |
sti |
| Source |
rdacontent |
| 337 ## - MEDIA TYPE |
| Media type term |
unmediated |
| Media type code |
n |
| Source |
rdamedia |
| 338 ## - CARRIER TYPE |
| Carrier type term |
volume |
| Carrier type code |
nc |
| Source |
rdacarrier |
| 362 ## - DATES OF PUBLICATION AND/OR SEQUENTIAL DESIGNATION |
| Dates of publication and/or sequential designation |
2020. |
| 504 ## - BIBLIOGRAPHY, ETC. NOTE |
| Bibliography, etc. note |
Includes bibliographical references (page 227) and index. |
| 505 0# - FORMATTED CONTENTS NOTE |
| Formatted contents note |
Foreword / Todd Gannon -- Introduction: dinosaurs of the modern movement -- Antecedents, analogies and mégastructures trouvées -- Beginners and begetters -- Megayear 1964 -- Fun and flexibility -- Megacity Montreal -- Megastructure in academe -- Megadecadence: acceptability and exploitation -- Epilogue: the meaning of megastructure -- Appendix: Maki on megastructure. |
| 520 8# - SUMMARY, ETC. |
| Summary, etc. |
It is an architectural concept as alluring as it is elusive, as futuristic as it is primordial. "Megastructure" is what it sounds like: a vastly scaled edifice that can contain potentially countless uses, contexts, and adaptations. Theorized and briefly experimented with in built form in the 1960s, megastructures almost as quickly went out of fashion in the profession. But Reyner Banham's 1976 book compiled the origin stories and ongoing mythos of this visionary movement, seeking to chart its lively rise, rapid fall, and ongoing meaning. Now back in print after decades and with original editions fetching well over $100 on the secondary market, 'Megastructure: Urban Futures of the Recent Past' is part of the recent surge in attention to this quixotic form, of which some examples were built but to this day remains -- decades after its codification -- more of a poetic idea than a real architectural type. Banham, among the most gifted and incisive architectural critics and historians of his time, sought connections between theoretical origins in Le Corbusier's more starry-eyed drawings to the flurry of theories by the Japanese Metabolist architects, to less intentional examples in military architecture, industry, infrastructure, and the emerging instances in pop culture and art. Had he written the book a few years later he would find an abundance of examples in speculative art and science fiction cinema, mediums where it continues to provoke wonder to this day. A long-sought study by an author who combined imagination, wit, and pioneering scholarship, the republication of Megastructure is an opportunity for scholars and laypeople alike to return to the origins of this fantastic urban idea. |
| 650 #0 - SUBJECT ADDED ENTRY--TOPICAL TERM |
| Topical term or geographic name entry element |
Megastructures. |
| 9 (RLIN) |
122078 |
| 650 #0 - SUBJECT ADDED ENTRY--TOPICAL TERM |
| Topical term or geographic name entry element |
City planning. |
| 650 #7 - SUBJECT ADDED ENTRY--TOPICAL TERM |
| Topical term or geographic name entry element |
City planning. |
| Source of heading or term |
fast |
| Authority record control number or standard number |
(OCoLC)fst00862177 |
| 9 (RLIN) |
122079 |
| 650 #7 - SUBJECT ADDED ENTRY--TOPICAL TERM |
| Topical term or geographic name entry element |
Megastructures. |
| Source of heading or term |
fast |
| Authority record control number or standard number |
(OCoLC)fst01015574 |
| 9 (RLIN) |
122078 |
| 700 1# - ADDED ENTRY--PERSONAL NAME |
| Personal name |
Gannon, Todd, |
| Relator term |
writer of foreword. |
| 9 (RLIN) |
122080 |
| 775 0# - OTHER EDITION ENTRY |
| Relationship information |
Reproduction of (manifestation): |
| Main entry heading |
Banham, Reyner. |
| Title |
Megastructure |
| Place, publisher, and date of publication |
London : Thames and Hudson, 1976. |
| Physical description |
224 p. : ill., plans ; 26 cm. (DLC) 78307289 |
| 906 ## - LOCAL DATA ELEMENT F, LDF (RLIN) |
| a |
7 |
| b |
cbc |
| c |
copycat |
| d |
2 |
| e |
epcn |
| f |
20 |
| g |
y-gencatlg |
| 942 ## - ADDED ENTRY ELEMENTS (KOHA) |
| Source of classification or shelving scheme |
|
| Koha item type |
Book |